| 000 | 00962nam a22002417a 4500 | ||
|---|---|---|---|
| 999 |
_c61482 _d61482 |
||
| 005 | 20240530110501.0 | ||
| 008 | 150711s2013 jo dk f b 000 0 ara d | ||
| 017 |
_a2012/72739 _bالاردن . دائرة المكتبات الوطنية |
||
| 020 | _a9789957761394 | ||
| 040 | _aEG-CaGPL | ||
| 082 | 0 | 4 |
_221 _a759.0632\ _bأ م |
| 100 | 0 | _aاحمد عباس على | |
| 245 | 1 | 2 |
_aالمعالجات الاسلوبية والتقنية فى الرسم التكعيبى واثرها فى فنون الحداثة / _cاحمد عباس على |
| 250 | _aط1 | ||
| 260 |
_aعمان : _bالاردن . دائرة المكتبات الوطنية ، _c2013 |
||
| 300 |
_a227 ص : _bايض ، _c24 سم + _eملاحق |
||
| 504 | _aببليوجرافية : ص 217 - 227 | ||
| 650 | 0 | 4 | _aالتكعيبية ( فن ) |
| 650 | 0 | 4 | _aالفن الحديث |
| 650 | 0 | 4 | _aالتصوير الزيتى |
| 942 |
_2ddc _cBK |
||